| 000 | 00648cam a22001934a 4500 | ||
|---|---|---|---|
| 020 | _a0471316490 (cloth : alk. paper) | ||
| 040 | _cDLC | ||
| 082 | 0 | 0 | _a001 JOH 2001 A005 Co. |
| 100 | 1 | _aMontgomery, Douglas C. | |
| 245 | 1 | 0 | _aDesign and analysis of experiments / |
| 250 | _a5th ed. | ||
| 260 |
_aNew York : _bJohn Wiley, _c2001. |
||
| 300 |
_axii, 684 p. : _bill. ; _c26 cm. |
||
| 650 | 0 | _aExperimental design. | |
| 856 | 4 | 2 | _uhttp://www.loc.gov/catdir/description/wiley034/99057472.html |
| 856 | 4 | _uhttp://www.loc.gov/catdir/toc/onix05/99057472.html | |
| 856 | 4 | 2 | _uhttp://www.loc.gov/catdir/enhancements/fy0607/99057472-b.html |
| 942 | _cEK | ||
| 999 |
_c13004 _d13004 |
||